| 000 | 00823nam a2200205 i 4500 | ||
|---|---|---|---|
| 001 | 84637 | ||
| 003 | ES-MaACL | ||
| 005 | 20230906175044.0 | ||
| 007 | t| | ||
| 008 | 041123s1902 fr ||||1| fre d | ||
| 100 | 1 |
_aJellinek, Georg ( _d1851-1911) _966282 |
|
| 245 | 1 | 3 |
_aLa Declaration des droits de l'homme et du citoyen : _bcontribution a l'histoire du droit constitutionnel moderne / _cpar George Jellinek ; traduit par Georges Fardis ; avec une preface de M.F. Larnaude. |
| 260 |
_a[S.l. : _bs.n., _c1902] ( _eSaint Amand : _fBussière) |
||
| 300 |
_aXIII, 101 p. ; _c23 cm. |
||
| 650 |
_aDerechos políticos y civiles- _zFrancia. _9164903 |
||
| 650 | 4 |
_aDerechos políticos y civiles- _zEstados Unidos. _9172077 |
|
| 700 | 1 |
_aFardis, Georges. _948834 |
|
| 700 | 1 |
_aLarnaude, M. F. _970275 |
|
| 852 |
_aES-MaACL _jD-1668 |
||
| 999 |
_c84637 _d84637 |
||